000 00219 a2200097 4500
001 44548
100 _aPoyser
245 _aEngineering Science
260 _aLondon
_bUniversity Tutorial Press
_c
090 _c28271
_d28271
942 _aNUST-CAE
_cM
_c20304
999 _c279621
_d279621